Faktory medzinárodného obchodu v produkcii kultúrneho priemyslu
Špecifiká obchodu s kultúrnymi produktmi. Hlavné skupiny tovarov - položiek medzinárodného obchodu. Trendy medzinárodného trhu. Kľúčové faktory ovplyvňujúce intenzitu medzinárodných tokov kultúrnych produktov.
Salvato in:
| Autore principale: | |
|---|---|
| Natura: | Capitolo di libro |
| Lingua: | ucraino |
| Soggetti: | |
| Tags: |
Nessun Tag, puoi essere il primo ad aggiungerne!!
|
MARC
| LEADER | 00000naa a2200000 4500 | ||
|---|---|---|---|
| 001 | 0249006 | ||
| 005 | 20210924091726.1 | ||
| 041 | 0 | |a ukr | |
| 044 | |a UA | ||
| 245 | 1 | 0 | |a Faktory medzinárodného obchodu v produkcii kultúrneho priemyslu |c Igor Y. Guzhva |
| 520 | |a Špecifiká obchodu s kultúrnymi produktmi. Hlavné skupiny tovarov - položiek medzinárodného obchodu. Trendy medzinárodného trhu. Kľúčové faktory ovplyvňujúce intenzitu medzinárodných tokov kultúrnych produktov. | ||
| 610 | 2 | 0 | |a priemysel kreatívny |
| 610 | 2 | 0 | |a priemysel kultúrny |
| 610 | 2 | 0 | |a kultúra |
| 610 | 2 | 0 | |a produkty |
| 610 | 2 | 0 | |a produkcia |
| 610 | 2 | 0 | |a obchod medzinárodný |
| 100 | 1 | |a Guzhva, Igor Y. | |